000 00346nam a2200145Ia 4500
003 OSt
005 20231230085957.0
008 170524s9999 xx 000 0 und d
020 _a9781412951951
040 _ciimt university meerut
100 _aKETTNER- PETER M
245 0 _aDESIGNING AND MANAGING PROGRAMS
260 _bSAGE
942 _2ddc
_c02
999 _c8325
_d8325